000 00412nam a2200181Ia 4500
001 3683
005 20260306145701.0
008 260306t2011||||xx |||||||||||||| ||spa||
041 _aESP
082 _a302
_bB61
100 _aBlanco Abarca, Amalio
_eAUT
245 0 _aPsicologĂ­a social
260 _c2011
300 _a391 páginas :
_c30 cm.
650 _aGEN
654 _aCPS
942 _cLIB
_dJUS
_fJUS
_2ddc
_n
999 _c3683
_d3683